| 000 | 00440nam a2200157Ia 4500 | ||
|---|---|---|---|
| 008 | 210716s2005 xx 000 0 und d | ||
| 020 | _a9788131213452 | ||
| 041 | _aeng | ||
| 082 | _a158.3 FLAJ | ||
| 100 | _aFlaherty, James. | ||
| 245 |
_aCoaching: evoking excellence in others. _bEvoking excellence in others. |
||
| 250 | _a2 | ||
| 260 |
_aNew Delhi _bButterworth Heinemann _c2005 |
||
| 300 | _axxvi,231 | ||
| 650 | _aGeneral Management | ||
| 999 |
_c202062 _d202062 |
||